000 00475cam a22001814a 4500
005 20250605163544.0
008 250528s ||||||||||||||||||||||||d
035 _a21689
040 _aGR-AtMCL
_bgre
_dGR-AtMCL
_eAACR2
245 1 _aΑΓΓΛΙΚΗ ΕΜΠΟΡΙΚΗ ΑΛΛΗΛΟΓΡΑΦΙΑ
250 _a1
260 _bΑ.Σταμουλης,
_c1992
300 _a238
700 1 _aΑποστολου Ελενη
942 _cBK
999 _c6749
_d6749